000 00665nam a2200205Ia 4500
003 GCL
008 140319s9999 xx 000 0 ara d
040 _aGCL /
_cGCL
082 0 4 _a631.4
_bع ا
100 1 _aعبدالقادر دلال
245 1 0 _aاساسيات التحليل الكيميائى الكلاسيكى والآلى فى التربة والماء /
_cعبدالقادر دلال
700 1 _aطارق عبدالكاظم ناصر
300 _a186 ص
490 _aسلسلة المعرفة
_v0
650 0 4 _aالزراعة
650 0 4 _aالتربة
650 0 4 _aالماء
650 0 4 _aالتحليل الكيمائى
942 _2ddc
_cBK
999 _c43199
_d43199